[Event "DEM U8 2024"]
[Site "Willingen GER"]
[Date "2024.05.22"]
[Round "2"]
[White "Simon, Benjamin"]
[Black "Merle, Atreyu Lukas"]
[Result "0-1"]
[Termination "normal"]
[Board "6"]
[WhiteElo "1305"]
[BlackElo "1191"]
[WhiteClock "00:51:52"]
[BlackClock "00:45:49"]
[PlyCount "50"]
[WhiteFideId "34652329"]
[BlackFideId "34670033"]
[EventCountry "GER"]
[EventRounds "7"]
[EventType "swiss"]
[EventDate "2024.05.21"]

1. e4 {[%clk 01:00:28]} {[%emt 00:00:02]} e5 {[%clk 01:00:24]} {[%emt
00:00:07]} 2. Nf3 {[%clk 01:00:34]} {[%emt 00:00:09]} Nc6 {[%clk 01:00:32]}
{[%emt 00:00:07]} 3. Nc3 {[%clk 01:00:38]} {[%emt 00:00:10]} Nf6 {[%clk
01:00:38]} {[%emt 00:00:10]} 4. Bb5 {[%clk 01:00:38]} {[%emt 00:00:15]} Bb4
{[%clk 01:00:09]} {[%emt 00:00:44]} 5. O-O {[%clk 01:00:29]} {[%emt 00:00:23]}
O-O {[%clk 00:59:56]} {[%emt 00:00:28]} 6. d3 {[%clk 01:00:24]} {[%emt
00:00:20]} d6 {[%clk 00:59:49]} {[%emt 00:00:24]} 7. Ne2 {[%clk 01:00:18]}
{[%emt 00:00:20]} Bg4 {[%clk 00:59:26]} {[%emt 00:00:38]} 8. Bxc6 {[%clk
01:00:20]} {[%emt 00:00:12]} bxc6 {[%clk 00:59:31]} {[%emt 00:00:10]} 9. Ng3
{[%clk 01:00:18]} {[%emt 00:00:16]} d5 {[%clk 00:59:09]} {[%emt 00:00:38]} 10.
h3 {[%clk 01:00:11]} {[%emt 00:00:21]} Be6 {[%clk 00:58:40]} {[%emt 00:00:42]}
11. Nxe5 {[%clk 01:00:02]} {[%emt 00:00:26]} Qd6 {[%clk 00:58:22]} {[%emt
00:00:33]} 12. Nf3 {[%clk 00:59:28]} {[%emt 00:00:49]} Nd7 {[%clk 00:56:37]}
{[%emt 00:02:00]} 13. Be3 {[%clk 00:58:59]} {[%emt 00:00:43]} Qe7 {[%clk
00:52:18]} {[%emt 00:04:35]} 14. c3 {[%clk 00:58:37]} {[%emt 00:00:37]} Bd6
{[%clk 00:51:54]} {[%emt 00:00:38]} 15. exd5 {[%clk 00:58:17]} {[%emt
00:00:37]} cxd5 {[%clk 00:51:27]} {[%emt 00:00:41]} 16. Ne2 {[%clk 00:57:22]}
{[%emt 00:01:10]} Qf6 {[%clk 00:50:26]} {[%emt 00:01:17]} 17. d4 {[%clk
00:56:30]} {[%emt 00:01:06]} Bxh3 {[%clk 00:49:29]} {[%emt 00:01:13]} 18. Qd2
{[%clk 00:55:40]} {[%emt 00:01:05]} Bg4 {[%clk 00:48:30]} {[%emt 00:01:14]} 19.
Bg5 {[%clk 00:54:47]} {[%emt 00:01:08]} Qe6 {[%clk 00:47:42]} {[%emt 00:01:03]}
20. Rfe1 {[%clk 00:53:39]} {[%emt 00:01:23]} Bxf3 {[%clk 00:46:07]} {[%emt
00:01:50]} 21. gxf3 {[%clk 00:53:20]} {[%emt 00:00:34]} Qh3 {[%clk 00:45:43]}
{[%emt 00:00:39]} 22. Qd3 {[%clk 00:52:17]} {[%emt 00:01:19]} Bh2+ {[%clk
00:45:37]} {[%emt 00:00:20]} 23. Kh1 {[%clk 00:51:42]} {[%emt 00:00:49]} Bg3+
{[%clk 00:45:37]} {[%emt 00:00:16]} 24. Kg1 {[%emt 00:00:12]} Qh2+ {[%clk
00:45:44]} {[%emt 00:00:06]} 25. Kf1 {[%clk 00:51:52]} {[%emt 00:00:10]} Qxf2#
{[%clk 00:45:49]} {[%emt 00:00:10]} 0-1

[Event "DEM U8 2024"]
[Site "Willingen GER"]
[Date "2024.05.22"]
[Round "2"]
[White "Yarmish, Tymofeii"]
[Black "Tomovski, Leon"]
[Result "0-1"]
[Termination "normal"]
[Board "7"]
[WhiteElo "1087"]
[BlackElo "1297"]
[WhiteClock "00:27:33"]
[BlackClock "00:39:34"]
[PlyCount "90"]
[WhiteFideId "34691898"]
[BlackFideId "34691790"]
[EventCountry "GER"]
[EventRounds "7"]
[EventType "swiss"]
[EventDate "2024.05.21"]

1. e4 {[%clk 01:00:26]} {[%emt 00:00:03]} e6 {[%clk 01:00:26]} {[%emt
00:00:04]} 2. d4 {[%clk 01:00:27]} {[%emt 00:00:14]} d5 {[%clk 01:00:38]}
{[%emt 00:00:03]} 3. e5 {[%clk 01:00:33]} {[%emt 00:00:10]} c5 {[%clk
01:00:48]} {[%emt 00:00:05]} 4. c3 {[%clk 01:00:34]} {[%emt 00:00:14]} Nc6
{[%clk 01:00:53]} {[%emt 00:00:10]} 5. Nf3 {[%clk 01:00:32]} {[%emt 00:00:16]}
Bd7 {[%clk 01:01:01]} {[%emt 00:00:08]} 6. Be2 {[%clk 01:00:06]} {[%emt
00:00:41]} cxd4 {[%clk 01:00:52]} {[%emt 00:00:23]} 7. cxd4 {[%clk 01:00:10]}
{[%emt 00:00:10]} Qb6 {[%clk 01:00:06]} {[%emt 00:01:02]} 8. O-O {[%clk
00:59:58]} {[%emt 00:00:26]} Be7 {[%emt 00:00:30]} 9. Nc3 {[%clk 00:59:39]}
{[%emt 00:00:31]} f6 {[%clk 00:59:49]} {[%emt 00:00:21]} 10. Rb1 {[%clk
00:58:46]} {[%emt 00:01:08]} fxe5 {[%clk 00:58:36]} {[%emt 00:01:28]} 11. dxe5
{[%clk 00:58:51]} {[%emt 00:00:09]} Nh6 {[%clk 00:58:09]} {[%emt 00:00:43]} 12.
Bxh6 {[%clk 00:58:39]} {[%emt 00:00:26]} gxh6 {[%clk 00:58:15]} {[%emt
00:00:09]} 13. Qd2 {[%clk 00:58:19]} {[%emt 00:00:36]} O-O-O {[%clk 00:57:46]}
{[%emt 00:00:45]} 14. Qxh6 {[%clk 00:58:01]} {[%emt 00:00:31]} Rdg8 {[%clk
00:57:21]} {[%emt 00:00:42]} 15. b3 {[%clk 00:56:05]} {[%emt 00:02:11]} Rg6
{[%clk 00:57:02]} {[%emt 00:00:33]} 16. Qh3 {[%clk 00:55:16]} {[%emt 00:01:04]}
Qc7 {[%clk 00:56:06]} {[%emt 00:01:11]} 17. Bd3 {[%clk 00:54:04]} {[%emt
00:01:28]} Rg7 {[%clk 00:55:49]} {[%emt 00:00:32]} 18. Rfe1 {[%clk 00:51:04]}
{[%emt 00:03:14]} Rhg8 {[%clk 00:54:24]} {[%emt 00:01:40]} 19. g3 {[%clk
00:50:19]} {[%emt 00:01:01]} Bb4 {[%clk 00:54:06]} {[%emt 00:00:33]} 20. Rbc1
{[%clk 00:49:51]} {[%emt 00:00:42]} d4 {[%clk 00:53:59]} {[%emt 00:00:23]} 21.
Nb5 {[%clk 00:49:36]} {[%emt 00:00:30]} Qb6 {[%clk 00:52:06]} {[%emt 00:02:08]}
22. Re4 {[%clk 00:48:29]} {[%emt 00:01:22]} Kb8 {[%clk 00:51:42]} {[%emt
00:00:40]} 23. Nbxd4 {[%clk 00:47:46]} {[%emt 00:00:59]} Nxd4 {[%clk 00:51:15]}
{[%emt 00:00:42]} 24. Nxd4 {[%clk 00:47:18]} {[%emt 00:00:42]} Bc5 {[%clk
00:51:13]} {[%emt 00:00:17]} 25. Rc4 {[%clk 00:44:43]} {[%emt 00:02:50]} Rf8
{[%clk 00:49:06]} {[%emt 00:02:21]} 26. Qh4 {[%clk 00:42:25]} {[%emt 00:02:33]}
Rgf7 {[%clk 00:47:46]} {[%emt 00:01:36]} 27. f4 {[%clk 00:37:57]} {[%emt
00:04:43]} Bb5 {[%clk 00:47:45]} {[%emt 00:00:16]} 28. Kg2 {[%clk 00:36:07]}
{[%emt 00:02:03]} Bxc4 {[%clk 00:46:41]} {[%emt 00:00:51]} 29. Nxe6 {[%clk
00:34:02]} {[%emt 00:02:49]} Bxe6 {[%clk 00:46:29]} {[%emt 00:00:27]} 30. Bc4
{[%clk 00:33:22]} {[%emt 00:00:56]} Qc6 {[%clk 00:46:22]} {[%emt 00:00:23]} 31.
Bxe6 {[%clk 00:31:14]} {[%emt 00:02:21]} Qxe4+ {[%clk 00:46:06]} {[%emt
00:00:31]} 32. Kh3 {[%clk 00:31:10]} {[%emt 00:00:20]} Rg7 {[%clk 00:45:36]}
{[%emt 00:00:44]} 33. Bg4 {[%clk 00:29:51]} {[%emt 00:01:34]} Qd3 {[%clk
00:43:00]} {[%emt 00:02:51]} 34. Qh6 {[%clk 00:29:38]} {[%emt 00:00:29]} Qg6
{[%clk 00:42:43]} {[%emt 00:00:32]} 35. Qxg6 {[%clk 00:29:39]} {[%emt
00:00:13]} hxg6 {[%clk 00:42:35]} {[%emt 00:00:23]} 36. e6 {[%clk 00:29:06]}
{[%emt 00:00:48]} g5 {[%clk 00:42:10]} {[%emt 00:00:12]} 37. f5 {[%clk
00:29:21]} Kc7 {[%clk 00:42:09]} {[%emt 00:00:44]} 38. Kg2 {[%clk 00:28:25]}
{[%emt 00:01:11]} Kd6 {[%clk 00:42:14]} {[%emt 00:00:10]} 39. Kf3 {[%clk
00:28:30]} {[%emt 00:00:10]} Re7 {[%clk 00:42:01]} {[%emt 00:00:29]} 40. Ke4
{[%clk 00:28:31]} {[%emt 00:00:14]} a5 {[%clk 00:41:44]} {[%emt 00:00:31]} 41.
a4 {[%clk 00:28:29]} {[%emt 00:00:18]} Rh8 {[%clk 00:41:29]} {[%emt 00:00:30]}
42. f6 {[%clk 00:28:25]} {[%emt 00:00:19]} Rxe6+ {[%clk 00:41:29]} {[%emt
00:00:14]} 43. Kf5 {[%clk 00:28:12]} {[%emt 00:00:28]} Rh6 {[%clk 00:40:19]}
{[%emt 00:01:26]} 44. f7 {[%clk 00:28:02]} {[%emt 00:00:25]} Ref6+ {[%clk
00:39:36]} {[%emt 00:00:58]} 45. Kxg5 {[%clk 00:27:33]} {[%emt 00:00:42]} Be3+
{[%clk 00:39:34]} {[%emt 00:00:16]} 0-1

[Event "DEM U8 2024"]
[Site "Willingen GER"]
[Date "2024.05.22"]
[Round "2"]
[White "Besou, Jad"]
[Black "Roscher, Simon"]
[Result "1-0"]
[Termination "normal"]
[Board "8"]
[WhiteElo "1679"]
[BlackElo "1109"]
[WhiteClock "00:36:06"]
[BlackClock "00:35:46"]
[PlyCount "73"]
[WhiteFideId "34631348"]
[BlackFideId "34673130"]
[EventCountry "GER"]
[EventRounds "7"]
[EventType "swiss"]
[EventDate "2024.05.21"]

1. e4 {[%clk 01:00:27]} {[%emt 00:00:02]} d5 {[%clk 01:00:24]} {[%emt
00:00:07]} 2. exd5 {[%clk 01:00:27]} {[%emt 00:00:14]} Nf6 {[%clk 01:00:25]}
{[%emt 00:00:14]} 3. d4 {[%clk 01:00:24]} {[%emt 00:00:19]} Nxd5 {[%clk
01:00:30]} {[%emt 00:00:10]} 4. c4 {[%clk 01:00:10]} {[%emt 00:00:28]} Nb6
{[%clk 01:00:39]} {[%emt 00:00:06]} 5. Nc3 {[%clk 01:00:04]} {[%emt 00:00:22]}
Bf5 {[%clk 01:00:44]} {[%emt 00:00:11]} 6. Qf3 {[%clk 00:57:09]} {[%emt
00:03:09]} e6 {[%clk 01:00:45]} {[%emt 00:00:14]} 7. Qxb7 {[%clk 00:56:43]}
{[%emt 00:00:40]} Qxd4 {[%clk 01:00:35]} {[%emt 00:00:25]} 8. Be3 {[%clk
00:55:52]} {[%emt 00:01:06]} Qe5 {[%clk 00:58:36]} {[%emt 00:02:15]} 9. Nf3
{[%clk 00:55:53]} {[%emt 00:00:14]} Be4 {[%clk 00:56:34]} {[%emt 00:02:15]} 10.
Qxa8 {[%clk 00:54:40]} {[%emt 00:01:30]} Qxc3+ {[%clk 00:55:53]} {[%emt
00:00:57]} 11. bxc3 {[%clk 00:54:44]} {[%emt 00:00:10]} Bxa8 {[%clk 00:55:50]}
{[%emt 00:00:18]} 12. Rb1 {[%clk 00:53:16]} {[%emt 00:01:43]} N8d7 {[%clk
00:55:11]} {[%emt 00:00:54]} 13. Be2 {[%clk 00:52:11]} {[%emt 00:01:20]} Na4
{[%clk 00:54:01]} {[%emt 00:01:26]} 14. Bd2 {[%clk 00:50:28]} {[%emt 00:01:56]}
Be4 {[%clk 00:54:05]} {[%emt 00:00:10]} 15. Rb5 {[%clk 00:48:43]} {[%emt
00:02:02]} a6 {[%clk 00:50:58]} {[%emt 00:01:26]} 16. Rg5 {[%clk 00:47:50]}
{[%emt 00:03:03]} h6 {[%clk 00:47:14]} {[%emt 00:03:54]} 17. Ra5 {[%clk
00:46:48]} {[%emt 00:01:22]} Nac5 {[%clk 00:47:22]} {[%emt 00:00:08]} 18. O-O
{[%clk 00:46:14]} {[%emt 00:00:49]} Be7 {[%clk 00:47:06]} {[%emt 00:00:31]} 19.
Be3 {[%clk 00:45:21]} {[%emt 00:01:07]} O-O {[%clk 00:47:03]} {[%emt 00:00:17]}
20. Nd2 {[%clk 00:44:44]} {[%emt 00:00:54]} f5 {[%clk 00:46:18]} {[%emt
00:00:55]} 21. Nxe4 {[%clk 00:43:35]} {[%emt 00:01:29]} fxe4 {[%clk 00:46:04]}
{[%emt 00:00:29]} 22. Rd1 {[%clk 00:39:18]} {[%emt 00:04:32]} Rb8 {[%clk
00:44:56]} {[%emt 00:01:13]} 23. Bg4 {[%clk 00:38:11]} {[%emt 00:01:32]} Bd6
{[%clk 00:44:06]} {[%emt 00:01:03]} 24. g3 {[%clk 00:37:49]} {[%emt 00:00:37]}
c6 {[%clk 00:37:10]} {[%emt 00:03:20]} 25. Rxd6 {[%clk 00:37:08]} {[%emt
00:04:47]} Rb1+ {[%clk 00:36:53]} {[%emt 00:00:34]} 26. Kg2 {[%clk 00:37:12]}
{[%emt 00:00:10]} Nb7 {[%clk 00:36:38]} {[%emt 00:00:30]} 27. Rxd7 {[%clk
00:36:59]} {[%emt 00:00:27]} Nxa5 {[%clk 00:36:47]} {[%emt 00:00:07]} 28. Bxe6+
{[%clk 00:37:07]} {[%emt 00:00:07]} Kh8 {[%clk 00:36:50]} {[%emt 00:00:12]} 29.
Bd4 {[%clk 00:37:04]} {[%emt 00:00:18]} Rc1 {[%clk 00:36:39]} {[%emt 00:00:26]}
30. Bxg7+ {[%clk 00:35:41]} {[%emt 00:01:37]} Kh7 {[%emt 00:00:38]} 31. Bf5+
{[%clk 00:35:38]} Kg8 {[%clk 00:36:35]} {[%emt 00:00:15]} 32. Bxh6 {[%clk
00:35:39]} {[%emt 00:00:13]} e3 {[%clk 00:35:41]} {[%emt 00:01:10]} 33. Bg6
{[%clk 00:35:47]} {[%emt 00:00:06]} Rg1+ {[%clk 00:35:33]} {[%emt 00:00:23]}
34. Kxg1 {[%clk 00:35:48]} {[%emt 00:00:13]} exf2+ {[%clk 00:35:40]} {[%emt
00:00:10]} 35. Kf1 {[%clk 00:35:53]} {[%emt 00:00:09]} Nb7 {[%clk 00:35:38]}
{[%emt 00:00:18]} 36. Rxb7 {[%clk 00:35:59]} {[%emt 00:00:09]} c5 {[%clk
00:35:46]} {[%emt 00:00:07]} 37. Rb8# {[%clk 00:36:06]} {[%emt 00:00:08]} 1-0

[Event "DEM U8 2024"]
[Site "Willingen GER"]
[Date "2024.05.22"]
[Round "2"]
[White "von Gehlen, Elian"]
[Black "Reese, Oscar"]
[Result "1-0"]
[Termination "normal"]
[Board "9"]
[WhiteElo "1494"]
[BlackElo "1650"]
[WhiteClock "00:23:16"]
[BlackClock "00:10:51"]
[PlyCount "143"]
[WhiteFideId "34651560"]
[BlackFideId "34644474"]
[EventCountry "GER"]
[EventRounds "7"]
[EventType "swiss"]
[EventDate "2024.05.21"]

1. e4 {[%clk 01:00:28]} {[%emt 00:00:01]} c5 {[%clk 01:00:22]} {[%emt
00:00:09]} 2. Nf3 {[%clk 01:00:33]} {[%emt 00:00:09]} d6 {[%clk 01:00:24]}
{[%emt 00:00:13]} 3. d4 {[%clk 01:00:39]} {[%emt 00:00:10]} cxd4 {[%clk
01:00:26]} {[%emt 00:00:11]} 4. Nxd4 {[%clk 01:00:37]} {[%emt 00:00:18]} Nf6
{[%clk 01:00:23]} {[%emt 00:00:19]} 5. Nc3 {[%clk 01:00:38]} {[%emt 00:00:14]}
a6 {[%clk 01:00:29]} {[%emt 00:00:10]} 6. Be3 {[%clk 01:00:31]} {[%emt
00:00:20]} e5 {[%clk 01:00:34]} {[%emt 00:00:11]} 7. Nf3 {[%clk 01:00:27]}
{[%emt 00:00:16]} Be7 {[%clk 01:00:20]} {[%emt 00:00:31]} 8. Qd2 {[%clk
00:59:58]} {[%emt 00:00:44]} b5 {[%clk 01:00:09]} {[%emt 00:00:27]} 9. a3
{[%clk 00:59:28]} {[%emt 00:00:44]} Bb7 {[%clk 00:59:51]} {[%emt 00:00:33]} 10.
Bd3 {[%clk 00:59:25]} {[%emt 00:00:17]} Nbd7 {[%clk 00:59:04]} {[%emt
00:01:03]} 11. O-O {[%clk 00:58:27]} {[%emt 00:01:12]} Rc8 {[%clk 00:58:55]}
{[%emt 00:00:25]} 12. b4 {[%clk 00:57:06]} {[%emt 00:01:37]} Nb6 {[%clk
00:57:02]} {[%emt 00:02:09]} 13. Bxb6 {[%clk 00:56:00]} {[%emt 00:01:20]} Qxb6
{[%clk 00:56:58]} {[%emt 00:00:19]} 14. Rfe1 {[%clk 00:54:51]} {[%emt
00:01:23]} Ng4 {[%clk 00:52:22]} {[%emt 00:04:52]} 15. h3 {[%clk 00:53:50]}
{[%emt 00:01:14]} Nxf2 {[%clk 00:50:35]} {[%emt 00:02:03]} 16. Qxf2 {[%clk
00:53:19]} {[%emt 00:00:46]} Qxf2+ {[%clk 00:50:36]} {[%emt 00:00:14]} 17. Kxf2
{[%clk 00:53:27]} {[%emt 00:00:06]} Rxc3 {[%clk 00:50:26]} {[%emt 00:00:26]}
18. Re3 {[%clk 00:52:25]} {[%emt 00:01:17]} O-O {[%clk 00:50:22]} {[%emt
00:00:18]} 19. a4 {[%clk 00:52:25]} {[%emt 00:00:15]} Bc6 {[%clk 00:44:57]}
{[%emt 00:05:41]} 20. axb5 {[%clk 00:52:13]} {[%emt 00:00:26]} Bxb5 {[%clk
00:44:39]} {[%emt 00:00:33]} 21. Bxb5 {[%clk 00:50:00]} {[%emt 00:02:29]} Rxe3
{[%clk 00:44:39]} {[%emt 00:00:13]} 22. Kxe3 {[%clk 00:50:00]} {[%emt
00:00:17]} axb5 {[%clk 00:44:36]} {[%emt 00:00:19]} 23. Ra7 {[%clk 00:49:50]}
{[%emt 00:00:24]} Bf6 {[%clk 00:43:31]} {[%emt 00:01:20]} 24. Rb7 {[%clk
00:49:45]} {[%emt 00:00:19]} Rc8 {[%clk 00:42:24]} {[%emt 00:01:22]} 25. Rxb5
{[%clk 00:49:26]} {[%emt 00:00:34]} Kf8 {[%clk 00:42:30]} {[%emt 00:00:09]} 26.
Kd3 {[%clk 00:49:12]} {[%emt 00:00:28]} Ke7 {[%clk 00:39:15]} {[%emt 00:03:32]}
27. c4 {[%clk 00:48:03]} {[%emt 00:01:23]} Ra8 {[%clk 00:38:03]} {[%emt
00:01:30]} 28. Ra5 {[%clk 00:46:32]} {[%emt 00:01:45]} Rb8 {[%clk 00:33:51]}
{[%emt 00:04:27]} 29. Ra7+ {[%clk 00:46:00]} {[%emt 00:00:47]} Ke6 {[%clk
00:33:14]} {[%emt 00:00:52]} 30. b5 {[%clk 00:45:47]} {[%emt 00:00:26]} Bd8
{[%clk 00:31:05]} {[%emt 00:02:26]} 31. h4 {[%clk 00:44:30]} {[%emt 00:01:29]}
h6 {[%clk 00:31:07]} {[%emt 00:00:15]} 32. Ne1 {[%clk 00:44:06]} {[%emt
00:00:39]} Bb6 {[%clk 00:30:53]} {[%emt 00:00:31]} 33. Ra6 {[%clk 00:43:01]}
{[%emt 00:01:18]} Bf2 {[%clk 00:30:37]} {[%emt 00:00:32]} 34. Nf3 {[%clk
00:43:00]} {[%emt 00:00:15]} Bc5 {[%clk 00:30:39]} {[%emt 00:00:12]} 35. Nd2
{[%clk 00:42:41]} {[%emt 00:00:35]} Bf2 {[%clk 00:28:35]} {[%emt 00:02:19]} 36.
Nf3 {[%clk 00:42:45]} {[%emt 00:00:10]} f6 {[%clk 00:26:52]} {[%emt 00:02:00]}
37. Kc3 {[%clk 00:42:10]} {[%emt 00:00:48]} g5 {[%clk 00:26:27]} {[%emt
00:00:40]} 38. hxg5 {[%clk 00:41:43]} {[%emt 00:00:42]} fxg5 {[%clk 00:26:32]}
{[%emt 00:00:11]} 39. g4 {[%clk 00:41:29]} {[%emt 00:00:27]} Ke7 {[%clk
00:25:03]} {[%emt 00:01:46]} 40. Kb4 {[%clk 00:40:17]} {[%emt 00:01:23]} Kd7
{[%clk 00:23:11]} {[%emt 00:02:10]} 41. Ka5 {[%clk 00:40:06]} {[%emt 00:00:25]}
Kc7 {[%clk 00:22:30]} {[%emt 00:00:56]} 42. Rc6+ {[%clk 00:40:04]} {[%emt
00:00:17]} Kd7 {[%clk 00:22:25]} {[%emt 00:00:20]} 43. Kb4 {[%emt 00:01:27]}
Bc5+ {[%emt 00:00:55]} 44. Kb3 {[%clk 00:37:22]} {[%emt 00:00:32]} Ra8 {[%clk
00:21:57]} {[%emt 00:00:46]} 45. Nxe5+ {[%clk 00:37:22]} {[%emt 00:00:15]} Ke6
{[%clk 00:21:08]} {[%emt 00:01:05]} 46. Nd3 {[%clk 00:36:34]} {[%emt 00:01:02]}
Ra3+ {[%clk 00:20:08]} {[%emt 00:01:16]} 47. Kc2 {[%clk 00:36:33]} {[%emt
00:00:13]} Bd4 {[%clk 00:19:50]} {[%emt 00:00:35]} 48. c5 {[%clk 00:34:07]}
{[%emt 00:02:41]} Be5 {[%clk 00:17:05]} {[%emt 00:03:01]} 49. Nxe5 {[%clk
00:33:22]} {[%emt 00:00:59]} Kxe5 {[%clk 00:17:07]} {[%emt 00:00:14]} 50. Rxd6
{[%clk 00:32:41]} {[%emt 00:00:56]} Ra5 {[%clk 00:16:51]} {[%emt 00:00:29]} 51.
Rb6 {[%clk 00:32:30]} {[%emt 00:00:27]} Ra4 {[%clk 00:15:37]} {[%emt 00:01:30]}
52. Rxh6 {[%clk 00:31:05]} {[%emt 00:01:38]} Rc4+ {[%clk 00:14:15]} {[%emt
00:01:39]} 53. Kb3 {[%clk 00:30:54]} {[%emt 00:00:25]} Rxc5 {[%clk 00:13:55]}
{[%emt 00:00:36]} 54. Kb4 {[%clk 00:30:50]} {[%emt 00:00:18]} Rc1 {[%clk
00:13:20]} {[%emt 00:00:50]} 55. Rc6 {[%clk 00:29:18]} {[%emt 00:01:48]} Rb1+
{[%clk 00:13:16]} {[%emt 00:00:19]} 56. Ka5 {[%clk 00:29:11]} {[%emt 00:00:21]}
Ra1+ {[%clk 00:13:20]} {[%emt 00:00:12]} 57. Kb6 {[%clk 00:29:18]} {[%emt
00:00:07]} Kxe4 {[%clk 00:13:09]} {[%emt 00:00:26]} 58. Kc7 {[%clk 00:28:34]}
{[%emt 00:00:59]} Kf4 {[%clk 00:13:02]} {[%emt 00:00:21]} 59. Rc4+ {[%clk
00:28:39]} {[%emt 00:00:09]} Kf3 {[%clk 00:12:34]} {[%emt 00:00:44]} 60. b6
{[%emt 00:00:52]} Rh1 {[%clk 00:12:02]} {[%emt 00:00:09]} 61. b7 {[%clk
00:26:52]} {[%emt 00:02:42]} Rh7+ {[%clk 00:12:10]} {[%emt 00:00:06]} 62. Kb6
{[%clk 00:26:49]} {[%emt 00:00:18]} Rh6+ {[%clk 00:12:14]} {[%emt 00:00:12]}
63. Rc6 {[%clk 00:26:25]} {[%emt 00:00:39]} Rxc6+ {[%clk 00:12:13]} {[%emt
00:00:16]} 64. Kxc6 {[%clk 00:26:30]} {[%emt 00:00:10]} Kxg4 {[%clk 00:12:06]}
{[%emt 00:00:21]} 65. b8=Q {[%emt 00:00:15]} Kh3 {[%clk 00:11:57]} {[%emt
00:00:22]} 66. Kd5 {[%clk 00:26:33]} {[%emt 00:00:15]} g4 {[%clk 00:12:05]}
{[%emt 00:00:07]} 67. Ke4 {[%clk 00:26:39]} {[%emt 00:00:09]} Kg2 {[%clk
00:11:15]} {[%emt 00:01:05]} 68. Qb2+ {[%clk 00:26:35]} {[%emt 00:00:17]} Kh3
{[%clk 00:10:52]} {[%emt 00:00:40]} 69. Kf4 {[%clk 00:26:09]} {[%emt 00:00:39]}
g3 {[%clk 00:10:53]} {[%emt 00:00:17]} 70. Kf3 {[%clk 00:25:05]} {[%emt
00:01:18]} Kh4 {[%clk 00:10:57]} {[%emt 00:00:12]} 71. Qg7 {[%clk 00:23:31]}
{[%emt 00:01:48]} g2 {[%clk 00:10:51]} {[%emt 00:00:21]} 72. Qh6+ {[%clk
00:23:16]} {[%emt 00:00:14]} 1-0